Sayaw : (Record no. 14815)
[ view plain ]
| 000 -LEADER | |
|---|---|
| fixed length control field | 00536nam a22001697a 4500 |
| 003 - CONTROL NUMBER IDENTIFIER | |
| control field | PILC |
| 005 - DATE AND TIME OF LATEST TRANSACTION | |
| control field | 20150112093443.0 |
| 008 - FIXED-LENGTH DATA ELEMENTS--GENERAL INFORMATION | |
| fixed length control field | 130226t xxu||||| |||| 00| 0 eng d |
| 020 ## - INTERNATIONAL STANDARD BOOK NUMBER | |
| International Standard Book Number | 9712711684 |
| 050 ## - LIBRARY OF CONGRESS CALL NUMBER | |
| Classification number | GV 1703.P6 |
| Item number | .Al25 2002 |
| 082 ## - DEWEY DECIMAL CLASSIFICATION NUMBER | |
| Classification number | SFf 793.3 |
| Item number | Al25 2002 |
| 100 ## - MAIN ENTRY--PERSONAL NAME | |
| Personal name | Alejandro, Reynaldo Gamboa |
| 9 (RLIN) | 20844 |
| 245 ## - TITLE STATEMENT | |
| Title | Sayaw : |
| Statement of responsibility, etc | Reynaldo Gamboa Alejandro and Amanda Abad Santos-Gana |
| Remainder of title | Philippine dances / |
| 260 ## - PUBLICATION, DISTRIBUTION, ETC. (IMPRINT) | |
| Place of publication, distribution, etc | Pasig City |
| Name of publisher, distributor, etc | Anvil |
| Date of publication, distribution, etc | 2002. |
| 300 ## - PHYSICAL DESCRIPTION | |
| Extent | 238 pages : |
| Dimensions | 29 cm. |
| Other physical details | colored illustration ; |
| 942 ## - ADDED ENTRY ELEMENTS (KOHA) | |
| Source of classification or shelving scheme | Library of Congress Classification |
| Koha item type | Books |
| Withdrawn status | Lost status | Source of classification or shelving scheme | Damaged status | Home library | Current library | Shelving location | Date acquired | Total Checkouts | Full call number | Barcode | Date last seen | Copy number | Price effective from | Koha item type |
|---|---|---|---|---|---|---|---|---|---|---|---|---|---|---|
| Library of Congress Classification | Southville International School Affiliated with Foreign Universities Library | Southville International School Affiliated with Foreign Universities Library | Southville Foreign University Section | 09/18/2013 | GV 1703.P6 .Al25 2002 | SFU1398 | 05/15/2018 | 1 | 09/18/2013 | Books |